000 00216nam a2200121Ia 4500
100 _a#N/A
650 _aGeneral
942 _cBK
654 _abrain
245 _aBrain Teasers
260 _b#N/A
546 _aENGLISH
999 _c32563
_d32563